| 000 | 01424nam a2200181 i 4500 | ||
|---|---|---|---|
| 001 | 170944 | ||
| 003 | ES-MaACL | ||
| 005 | 20230906214514.0 | ||
| 008 | 090417s19091918sp |||| | spa d | ||
| 080 | _a94(460) | ||
| 110 | 2 |
_aReal Academia de la Historia (España) _96309 |
|
| 245 | 1 | 0 |
_aDiscursos leídos ante la Academia de la Historia, _f1909-1918 / _cReal Academia de la Historia. |
| 260 |
_aMadrid : _b[s.n.], _c1909 ( _fTip. de Fortanet) |
||
| 300 |
_a1 v. ; _c25 cm. |
||
| 505 | 8 | _aContiene: El alto Jalón: descubrimientos arqueológicos / Enrique de Aguilera y Gamboa, Marqués de Cerralbo (180 p. con il.). El carácter científico de la Historia / Gumersindo de Azcárate (73 p.). Contestación / Rafael Ureña y Smenjaud (p. 75-87). Los Mendoza del siglo XV y el Castillo del Real de Manzanares / Vicente Lampérez y Romea (86 p. + 13 h. de lám.). Contestación / José Ramón Mélida (p.87-101). Los cronistas valencianos; Necrología de D. Vicente Vignau y Ballester / Vicente Castañeda y Alcover (256 p.). Discurso / Julio Puyol y Alonso (p. 257-266). Alfonso X, emperador (electo) de Alemania / Antonio Ballesteros y Beretta (83 p.). Contestación / Adolfo Bonilla y San Martín (p. 85-96). | |
| 545 | _aEl discurso de Vicente Lampérez y Romea tiene ded. autógrafa al Ateneo de Madrid. | ||
| 852 |
_aES-MaACL _jK-133 _z- Enc. pasta española _z- Dedicatoria autógrafa de Vicente Lámperez y Romea |
||
| 999 |
_c170944 _d170944 |
||